Sintagmatika lexem ako vaznejshij element kodirovanija i dekodirovanija texta

Tento článok pojednáva o úlohe syntagiem pri tvorbe a dekódovaní textu. Vychádzajúc z chápania podstaty a úlohy syntagiem vo výučbe cudzích jazykov v dielach F. de Saussura, Yu. D. Apresyana a A. V. Velička, autor sa zameriava na ich varianty. Zdôrazňuje úlohu syntagmatických komplexov pri načrtnutí...

Ausführliche Beschreibung

Gespeichert in:
Bibliographische Detailangaben
1. Verfasser: Markova, Elena Michajlovna, 1960-
Format: Buchkapitel
Sprache:Russisch
Schlagworte:
Tags: Tag hinzufügen
Keine Tags, Fügen Sie das erste Tag hinzu!

MARC

LEADER 00000naa$a2200000$$$4500
001 0314138
005 20260119091059.8
041 0 |a rus 
044 |a RU 
245 1 0 |a Sintagmatika lexem ako vaznejshij element kodirovanija i dekodirovanija texta  |c Elena Michajlovna Markova 
520 |a Tento článok pojednáva o úlohe syntagiem pri tvorbe a dekódovaní textu. Vychádzajúc z chápania podstaty a úlohy syntagiem vo výučbe cudzích jazykov v dielach F. de Saussura, Yu. D. Apresyana a A. V. Velička, autor sa zameriava na ich varianty. Zdôrazňuje úlohu syntagmatických komplexov pri načrtnutí sémantiky lexém a ich použitia v reči. Obzvlášť dôležité je porovnanie syntagiem v blízko príbuzných jazykoch s cieľom rozlíšiť sémantiku medzijazykových homoným a ich použitia v reči. 
610 2 0 |a ruština 
610 2 0 |a jazykoveda 
610 2 0 |a zásoba slovná 
610 2 0 |a kultúra 
100 1 |a Markova, Elena Michajlovna, 1960-